1774 1155 1690 1618 1761 1260 1609 1867 1586 1255 1530 1588 1702 1616 1445 1626 1961 1947 1646 1952 1470 1060 1542 1423 1757 1303 1383 1941 1111 1611 1707 1776 1018 1318 1286 1071 1483 1835 1057 1151 1937 1100 1346 1405 1597 1015 1252 1972 1513 1936 1561 1556 1137 1067 1649 1009 1674 1906 1150 1478 1326 1050 1285 1849 1312 1598 1790 1917 1544 1122 1203 1779 1242 1898 1995 1139 1870 1899 1212 1954 1531 1398 1705 1248 1298 1442 1503 1378 1906 1138 1651 1221 1468 1676 1867 1206 1180 1719 1919 BCNSPRNW ULIB Ver.6.0+V

เปลี่ยนเป็นภาษาไทย

Change to English
 แสดงรายละเอียดบรรณานุกรม
  กลับหน้าหลัก

Brief Record : Get Marc (ISO 2709) : E-mail record : QR code < ปิดหน้าต่าง
LEADER : 00000nam 2200000uu 4500
001    13399125551
003     ULIB
008    170627s2559||||th 000 0 tha d
020    ^a9786163447685
060    ^aWI300 ก125ด
100    ^aกนกอร บุญพิทักษ์
245    ^aดูแลกระเพาะอาหารและลำไส้
250    ^aพิมพ์ครั้งที่ 1
260    ^aกรุงเทพฯ :^bFeel good Publishing,^c2559
300    ^a224 หน้า^bภาพประกอบ
650    ^aกระเพาะอาหารและลำไส้, โรค^xการดูแล
945    ^p0^l0^i002429
945    ^p0^l0^i002430
999    ^aวรรณษา ชูชัยมงคล
รายการนี้ยังไม่มีแท็ก
คุณยังไม่ได้ล็อกอิน คุณสามารถมีกิจกรรมร่วมกับเว็บไซต์ได้ แต่ต้องล็อกอินก่อน ::
  ล็อกอิน

รายการสื่อสารสนเทศ

ลำดับที่ ประเภท เลขเรียก/บาร์โค้ด สถานที่ สถานะ
1. วิทยาศาสตร์การแพทย์ และสุขภาพ
วิทยาศาสตร์การแพทย์ และสุขภาพ
สถานะ=หนังสือเก่า
WI300 ก125ด ฉ.1 
  Barcode: 002429
ห้องสมุดวิทยาเขตสวรรค์ประชารักษ์
►ส่วนจัดเก็บหนังสือเก่า สปร
บนชั้น
  ขอยืม
2. วิทยาศาสตร์การแพทย์ และสุขภาพ
วิทยาศาสตร์การแพทย์ และสุขภาพ
สถานะ=หนังสือเก่า
WI300 ก125ด ฉ.2 
  Barcode: 002430
ห้องสมุดวิทยาเขตสวรรค์ประชารักษ์
►ส่วนจัดเก็บหนังสือเก่า สปร
บนชั้น
  ขอยืม

รายการใกล้เคียง
    ชื่อเรื่อง [ดูแลกระเพาะอาหารและลำไส้]

    ผู้แต่ง [กนกอร บุญพิทักษ์]

BibComment


ยังไม่เคยถูกคอมเมนท์

คอมเมนท์ทรัพยากรรายการนี้
  คอมเมนท์: ดูแลกระเพาะอาหาร..


 Copyright 2026. Bcnsprnw @Library